| 000 | 00533nam a2200181 a 4500 | ||
|---|---|---|---|
| 005 | 20140310183242.0 | ||
| 008 | 040806s19uu xx 00 eng d | ||
| 020 | _a015507444x | ||
| 050 |
_aPN 1996 _b.R84 2000 |
||
| 100 | _aRussin, Robin | ||
| 245 |
_aScreenplay : _bwriting the picture / _cRobin Russin. |
||
| 260 |
_aForth Worth : _bHarcourt College Publishers, _c2000. |
||
| 300 |
_a447 p. : _c23 cm. |
||
| 650 |
_aMotion picture _xauthorship. |
||
| 700 | _aMissouri Downs, William | ||
| 942 |
_cBK _2lcc _kFOR |
||
| 999 |
_c20626 _d20626 |
||